MARC

LEADER 00000nam0a2200000 4500
001 285662
005 20231031234119.0
035 |a (RuTPU)RU\TPU\book\309908 
090 |a 285662 
100 |a 20150226d1984 k y0rusy50 ca 
101 0 |a rus 
102 |a MD 
105 |a a z 000zy 
200 1 |a Динамические явления в неупорядоченных системах  |f Академия наук Молдавской ССР (АН МССР), Институт прикладной физики 
210 |a Кишинев  |c Штиинца  |d 1984 
215 |a 96 с.  |c ил. 
606 1 |a Температуры низкие  |x Измерение  |2 stltpush  |3 (RuTPU)RU\TPU\subj\59399 
610 1 |a неупорядоченные системы 
610 1 |a динамические явления 
610 1 |a сверхпроводники 
610 1 |a термоэлектрический эффект 
610 1 |a модели Изинга 
610 1 |a исследование 
675 |a 536.48  |v 4 
712 0 2 |a Академия наук Молдавской ССР (АН МССР)  |b Институт прикладной физики  |c (Кишинев)  |2 stltpush  |3 (RuTPU)RU\TPU\col\11347 
801 1 |a RU  |b 63413507  |c 20150226 
801 2 |a RU  |b 63413507  |c 20160728  |g RCR 
942 |c BK